ARRUPE JESUIT UNIVERSITY

CORONAVIRUS -STOP THE SPREAD - CLEAN,DISINFECT,COVER

A defense of Galileo, the mathematician from Florence = Apologia pro Galileo. English (Record no. 14902)

MARC details
000 -LEADER
fixed length control field 00813nam a2200229Ia 4500
003 - CONTROL NUMBER IDENTIFIER
control field 0100
008 - FIXED-LENGTH DATA ELEMENTS--GENERAL INFORMATION
fixed length control field 130303s9999 xx 000 0 und d
020 ## - INTERNATIONAL STANDARD BOOK NUMBER
International Standard Book Number 268008698
040 ## - CATALOGING SOURCE
Transcribing agency ARRUPELIB
050 ## - LIBRARY OF CONGRESS CALL NUMBER
Classification number QB36.G2C32131994
300 ## - PHYSICAL DESCRIPTION
Other physical details 157p. 23cm.
100 ## - MAIN ENTRY--PERSONAL NAME
Personal name Campanella, Tommaso, 1568-1639
245 #2 - TITLE STATEMENT
Title A defense of Galileo, the mathematician from Florence = Apologia pro Galileo. English
245 ## - TITLE STATEMENT
Remainder of title which is an inquiry as to whether the philosophical view advocated by Galileo
260 ## - PUBLICATION, DISTRIBUTION, ETC. (IMPRINT)
Place of publication, distribution, etc Notre Dame
260 ## - PUBLICATION, DISTRIBUTION, ETC. (IMPRINT)
Name of publisher, distributor, etc University of Notre Dame Press
260 ## - PUBLICATION, DISTRIBUTION, ETC. (IMPRINT)
-- 1994
300 ## - PHYSICAL DESCRIPTION
Extent xi
650 ## - SUBJECT ADDED ENTRY--TOPICAL TERM
Topical term following geographic name as entry element Slave-traders -- Angola -- History Portugal -- Commercial policy -- History Brazil -- Commerce -- History
700 ## - ADDED ENTRY--PERSONAL NAME
Personal name Tommaso Campanella , Title, Apologia pro Galileo. English
942 00 - ADDED ENTRY ELEMENTS (KOHA)
Koha issues (borrowed), all copies 3
Holdings
Withdrawn status Lost status Source of classification or shelving scheme Damaged status Not for loan Collection code Home library Current library Shelving location Date acquired Total Checkouts Full call number Barcode Date last seen Date checked out Copy number Price effective from Koha item type
    Library of Congress Classification     Main Collection ARRUPE LIBRARY ARRUPE LIBRARY   04/03/2013 3 QB36.G2C32131994 46003069893 02/07/2019 27/01/2015 1 04/03/2013 Monograph ( Printed materials)

 

Arrupe Library. PO Box MP320 Mt Pleasant, Harare, Zimbabwe
263 242 745411|librarian@aju.ac.zw